LEADER 01133nam a2200265 4500 001 000000358429 003 CaOOAMICUS 005 20240528121919.0 008 240520s2024 it 000 u ita r 040 $aSeMil$bita 100 1 $aDoyle, Arthur Conan,$d<1859-1930>.$0(OLS)http://semarc/name/63517 240 14$aThe hound of the Baskervilles.$0(OLS)http://semarc/title/448780 245 13$aIl mastino dei Baskerville /$cArthur Conan Doyle ; a cura di Caterina Ciccotti. 250 $a14. ed. 264 1$aMilano :$bFeltrinelli,$c2024. 300 $a251 p. ;$c20 cm 490 1 $aUniversale Economica Feltrinelli. Classici 700 1 $aCiccotti, Caterina.$0(OLS)http://semarc/name/119744 830 0$aUniversale Economica Feltrinelli. Classici.$0(OLS)http://semarc/title/443958 850 $aSeMil 852 $aSeMil$W1$xVenegono$y1$m1W II 512$j249692$B249538$CSeMilBibl$Z2$F249538 $81 961 $aBonazzoli don Davide - Omaggio 996 $6245$aIl mastino dei Baskerville$9(OLS)http://semarc/title/448781 996 $6264$aMilano :$bFeltrinelli$9(OLS)http://semarc/publisher/30237 LEADER 01082nam a2200253 i 4500 001 000000230300 003 CaOOAMICUS 005 20140604000000.0 008 140604s1931 it u000 u ita u 013 $a209202 040 $aSeMil$bita 100 1 $aKeusch, Carlo.$0(OLS)http://semarc/name/25096 245 13$aLa dottrina spirituale di Sant'Alfonso Maria de' Liguori /$cCarlo Keusch ; prima versione italiana di Giacomo Di Fabio. 260 $aMilano :$bVita e Pensiero,$c1931. 300 $aXVII, 531 p. ;$c20 cm. 500 $aFondo card. Giovanni Colombo. 600 04$aLiguori, Alfonso Maria : de' .$0(OLS)http://semarc/subject/1344 700 1 $aDi Fabio, Giacomo.$0(OLS)http://semarc/name/23096 850 $aSeMil 852 $aSeMil$W1$xVenegono$y1$m3GC V 37$j180646$B180646$CSeMilBibl$Z2$F192291 $8B 941 1 $a3 961 $aLascito: Colombo Card. Giovanni 996 $6245$aLa dottrina spirituale di Sant'Alfonso Maria de' Liguori$9(OLS)http://semarc/title/77413 996 $6260$aMilano :$bVita e Pensiero$9(OLS)http://semarc/publisher/29642